Emergency care and transportation of the sick and injured / (Record no. 10422)

000 -LEADER
fixed length control field 01569cam a22003614a 4500
001 - CONTROL NUMBER
control field 12466045
005 - DATE AND TIME OF LATEST TRANSACTION
control field 20160208192232.0
008 - FIXED-LENGTH DATA ELEMENTS--GENERAL INFORMATION
fixed length control field 010711s2002 maua 001 0 eng
010 ## - LIBRARY OF CONGRESS CONTROL NUMBER
LC control number 2001052032
020 ## - INTERNATIONAL STANDARD BOOK NUMBER
International Standard Book Number 0763720461
020 ## - INTERNATIONAL STANDARD BOOK NUMBER
International Standard Book Number 0763719447 (CDROM)
020 ## - INTERNATIONAL STANDARD BOOK NUMBER
Canceled/invalid ISBN 0763716669
040 ## - CATALOGING SOURCE
Original cataloging agency DLC
Transcribing agency LCC
Modifying agency LCC
042 ## - AUTHENTICATION CODE
Authentication code pcc
050 00 - LIBRARY OF CONGRESS CALL NUMBER
Classification number RC 86.7 .A43 2002
Item number .A43 2002
082 00 - DEWEY DECIMAL CLASSIFICATION NUMBER
Classification number 616.02/5
Edition number 21
245 00 - TITLE STATEMENT
Title Emergency care and transportation of the sick and injured /
Statement of responsibility, etc. editors, Andrew N. Pollak, Carol Gupton ; American Academy of Orthopaedic Surgeons.
250 ## - EDITION STATEMENT
Edition statement 8th ed.
260 ## - PUBLICATION, DISTRIBUTION, ETC. (IMPRINT)
Place of publication, distribution, etc. Sudbury, MA :
Name of publisher, distributor, etc. Jones and Bartlett,
Date of publication, distribution, etc. c2002.
300 ## - PHYSICAL DESCRIPTION
Extent xxxvii, 986 p. :
Other physical details ill. (chiefly col.) ;
Dimensions 29 cm. +
Accompanying material 1 computer optical disc.
500 ## - GENERAL NOTE
General note Includes index.
500 ## - GENERAL NOTE
General note CD-ROM includes lesson files for use with book.
538 ## - SYSTEM DETAILS NOTE
System details note System requirements for accompanying disk: Supports Palm/Handspring, Windows CE/Pocket PC, eBook Reader, Smart Phone, Windows 95/98/2000, and Macintosh.
538 ## - SYSTEM DETAILS NOTE
System details note System requirements: Windows 95, 98, NT, 2000, or ME desktop or laptop; Macintosh with Os 8.x and above.
650 #0 - SUBJECT ADDED ENTRY--TOPICAL TERM
Topical term or geographic name as entry element Medical emergencies.
650 #0 - SUBJECT ADDED ENTRY--TOPICAL TERM
Topical term or geographic name as entry element Transport of sick and wounded.
700 1# - ADDED ENTRY--PERSONAL NAME
Personal name Pollak, Andrew N.
700 1# - ADDED ENTRY--PERSONAL NAME
Personal name Gupton, Carol L.
710 2# - ADDED ENTRY--CORPORATE NAME
Corporate name or jurisdiction name as entry element American Academy of Orthopaedic Surgeons.
906 ## - LOCAL DATA ELEMENT F, LDF (RLIN)
a 7
b cbc
c orignew
d 1
e ocip
f 20
g y-gencatlg
942 ## - ADDED ENTRY ELEMENTS (KOHA)
Source of classification or shelving scheme
Koha item type Hard Covered Materials
Classification part RC 86.7 .A43 2002
Holdings
Withdrawn status Lost status Source of classification or shelving scheme Damaged status Not for loan Home library Current library Date acquired Source of acquisition Total Checkouts Full call number Barcode Date last seen Price effective from Koha item type
          MACHAKOS UNIVERSITY LIBRARY MACHAKOS UNIVERSITY LIBRARY 05/12/2015 DONATION (BFA)   SPE RC 86.7 .A43 2001 19563 03/06/2019 05/12/2015 Hard Covered Materials
© Machakos University Library, Along The Highway, Machakos Wote Rd, Machakos, Kenya P.O. Box 136 - 90100 Machakos - Kenya

Tel: ( +254 ) 723 805829 OR Fax : 044-20353 OR Email: library@mksu.ac.ke